| 000 | 01216nam a22002532 4500 | ||
|---|---|---|---|
| 001 | 11399 | ||
| 003 | UkOxU | ||
| 005 | 20211208235123.0 | ||
| 008 | 810504s1960 nyua b 101 0 eng d | ||
| 035 | _aOCLC ocm07386102 from D971106M | ||
| 040 |
_aIAH _cIAH _dEQO _beng |
||
| 041 | _aeng | ||
| 082 | _a500.208 | ||
| 110 | 2 |
_aVarian Associates. _935238 |
|
| 245 | 1 | 0 |
_aNMR and EPR spectroscopy : _bpapers presented at Varian's third annual Workshop on Nuclear Magnetic Resonance and Electron Paramagnetic Resonance, held at Palo Alto, California. |
| 260 |
_aNew York : _bSymposium Publications Division, Pergamon Press, _c1960. |
||
| 300 |
_aviii, 288 p. : _billus., diagrs., tables. ; _c23 cm. |
||
| 500 | _a"This book covers in large part the material presented by the NMR-EPR staff of the Instrument Division of Varian Associates at the Third Annual Workshop, held Oct. 19-23, 1959." | ||
| 504 | _aBibliographical footnotes. | ||
| 650 | 0 |
_aNuclear magnetic resonance _xCongresses. _929198 |
|
| 650 | 0 |
_aElectron paramagnetic resonance _xCongresses. _935239 |
|
| 711 | 2 |
_aWorkshop on Nuclear Paramagnetic Resonance and Electron Paramagnetic Resonance _n(3d : _d1959 : _cPalo, Alto, Calif.) _935240 |
|
| 942 |
_2ddc _cBK |
||
| 999 |
_c11399 _d11399 |
||